000 00756cab a2200241 4500
001 WB3414-35
008 090401t1998 xxu||||| |||| 00| 0 eng d
035 _a(Sirsi) u85528
041 _aeng
245 _aPartnership tax postponed
260 _c1998
350 _a0
490 _aFinancial Times
_v9 April 1998, 14(1)
520 _aThe Finance Bill confirms that a year`s breathing space has been granted to partners in law, accounting and chartered surveying firms, with their new tax regime not being introduced until 1999-2000.
650 _aACCRUALS BASIS
650 _aABOUT RICS-RICS MEMBERS
650 _aPARTNERS
650 _aTAX REGIME
650 _aWORK IN PROGRESS
690 _aTAXATION
942 _n0
948 _c09/04/1998
999 _c53789
_d53789